| 000 | 01104cam a2200337 4500 | ||
|---|---|---|---|
| 999 |
_c23428 _d23428 |
||
| 001 | vtls012054212 | ||
| 005 | 20221010113201.0 | ||
| 008 | 210624s2021 xo gr 010 0 slo | ||
| 020 |
_a9788056908624 _q(viazané) |
||
| 040 |
_aTVZK _bslo _cTVZK _dSNK _erda |
||
| 041 | 0 | _aslo | |
| 044 |
_axo _cSK |
||
| 072 | 7 |
_a821.162.4-3 _xSlovenská próza _2konspekt |
|
| 080 |
_a821.162.4-31 _22011 |
||
| 080 |
_a(0:82-311.6) _22011 |
||
| 100 | 1 |
_aMonošová, Martina, _d1972- _4aut _93631 |
|
| 245 | 1 | 0 |
_aSophie _n1 _pPles u vojvodkyne _cMartina Monošová |
| 246 | 3 | 0 | _aPles u vojvodkyne |
| 250 | _a2. vydanie | ||
| 264 | 1 |
_aBratislava _bMarenčin PT _c2021 |
|
| 300 |
_a253 strán _c21 cm |
||
| 336 |
_atext _btxt _2rdacontent |
||
| 337 |
_abez média _bn _2rdamedia |
||
| 338 |
_azväzok _bnc _2rdacarrier |
||
| 500 | _aObsahuje biografické údaje o autorke na záložke prebalu publikácie | ||
| 655 | 7 |
_aslovenské romány _2SNKPH _91694 |
|
| 655 | 0 | 7 |
_ahistorické romány _2SNKPH _91688 |
| 655 | 0 | 7 |
_aSlovak fiction _2SNKPHeng _91695 |
| 655 | 0 | 7 |
_aHistorical novels _2SNKPHeng _91689 |
| 958 | _aLX | ||